The art of sport: (Record no. 44828)
[ view plain ]
| 000 -LEADER | |
|---|---|
| fixed length control field | 00584nam a22001574a 4500 |
| 005 - DATE AND TIME OF LATEST TRANSACTION | |
| control field | 2010090908458.0 |
| 020 ## - INTERNATIONAL STANDARD BOOK NUMBER | |
| International Standard Book Number | 9781903684122 |
| Terms of availability | 895.00 |
| 037 ## - SOURCE OF ACQUISITION | |
| Source of stock number/acquisition | Abilash Book Centre |
| 082 00 - DEWEY DECIMAL CLASSIFICATION NUMBER | |
| Classification number | 779.9796 |
| 245 10 - TITLE STATEMENT | |
| Title | The art of sport: |
| Remainder of title | the best of reuters sports photography |
| 260 ## - PUBLICATION, DISTRIBUTION, ETC. (IMPRINT) | |
| Name of publisher, distributor, etc | Pearson Education |
| Date of publication, distribution, etc | 2003 |
| Place of publication, distribution, etc | London |
| 300 ## - PHYSICAL DESCRIPTION | |
| Extent | iv, 188p. |
| Other physical details | photos |
| Dimensions | 26cm(Hb) |
| 942 ## - ADDED ENTRY ELEMENTS (KOHA) | |
| Source of classification or shelving scheme | Dewey Decimal Classification |
| Item type | English Books |
| Classification part | 779.9796 |
| Call number suffix | ART |
| Withdrawn status | Lost status | Not for loan | Collection code | Home library | Current library | Date acquired | Cost, normal purchase price | Full call number | Copy number | Cost, replacement price | Koha item type |
|---|---|---|---|---|---|---|---|---|---|---|---|
| Ordered | Non-fiction | Andrews Gunj | Andrews Gunj | 09/09/2010 | 895.00 | 779.9796 ART | 1 | 895.00 | English Books |
